=LDR 00000nam 2200000 4500 =001 INLIS000000000061070 =005 20220607092434 =035 ##$$a 0010-0622000060 =007 ta =008 220607###########################0#ind## =020 ##$$a 979-537-457-5 =082 ##$$a 615.8 =084 ##$$a 615.8 Cho p =100 #$$a Choa Kok Sui =245 1#$$a Penyembuhan dengan tenaga prana tingkat lanjut =250 ##$$a cet 9 =260 ##$$a Jakarta :$b Elex Media komputindo,$c 2007 =300 ##$$a 299 halaman : $b ilustrasi ; $c 24 cm =650 #4$$a Tenaga Prana =990 ##$$a 21012101